000 00617nam a22001697a 4500
003 OSt
005 20260409120739.0
008 260409b |||||||| |||| 00| 0 eng d
040 _cMRSPTU
041 _aEnglish
100 _aGuncha Paliwal, Supervisor: Dr. Kawaljit Singh Sandhu
245 _aEvaluation of Physiochemical, Textual, and Sensory Attributes of Jam of various Varieties of Ziziphus Mauritiana
260 _bDepartment of Food Science & Technology, MRSPTU, Bathinda
_c2023
650 _aFood Science & Technology
856 _uhttp://163.47.215.52:8080/jspui/handle/123456789/917
942 _2ddc
_cTH
_n0
999 _c11432
_d11432